[Event "GER-ch48 sf05 email"]
[Site "GER email"]
[Date "2016.07.03"]
[Round "?"]
[White "Schulz, Rainer"]
[Black "Lehnhoff, Heinz Georg"]
[Result "1/2-1/2"]
[WhiteElo "2406"]
[BlackElo "2268"]
[PlyCount "47"]
[EventDate "2016.??.??"]
[EventType "tourn (corr)"]
[EventRounds "12"]
[EventCountry "GER"]
[SourceTitle "Corr 2017"]
[Source "ChessBase"]
[SourceDate "2017.09.19"]
[SourceVersion "1"]
[SourceVersionDate "2017.09.19"]
[SourceQuality "1"]

1. d4 Nf6 2. c4 e6 3. Nf3 d5 4. Nc3 Be7 5. Bf4 0-0 6. a3 b6 7. e3 Bb7 8. Qc2 c5 9. dxc5 bxc5 10. Rd1 Nbd7 11. Be2 Qb6 12. 0-0 Rfd8 13. h3 h6 14. Rc1 d4 15. exd4 cxd4 16. Na4 Qc6 17. b4 e5 18. Bg3 Nb6 19. Nb2 e4 20. Ne5 Qe6 21. c5 Rac8 22. Rfe1 Nfd7 23. Nxd7 Nxd7 24. Bd3 1/2-1/2

[Event "GER-ch48 sf05 email"]
[Site "GER email"]
[Date "2016.07.03"]
[Round "?"]
[White "Schulz, Rainer"]
[Black "Scheiba, Manfred"]
[Result "1/2-1/2"]
[WhiteElo "2406"]
[BlackElo "2361"]
[PlyCount "48"]
[EventDate "2016.??.??"]
[EventType "tourn (corr)"]
[EventRounds "12"]
[EventCountry "GER"]
[SourceTitle "Corr 2017"]
[Source "ChessBase"]
[SourceDate "2017.09.19"]
[SourceVersion "1"]
[SourceVersionDate "2017.09.19"]
[SourceQuality "1"]

1. e4 e5 2. Nf3 Nc6 3. Bb5 a6 4. Ba4 Be7 5. 0-0 Nf6 6. Re1 b5 7. Bb3 d6 8. c3 0-0 9. h3 Bb7 10. d4 Nd7 11. a3 Na5 12. Ba2 Nc4 13. Nbd2 Ncb6 14. dxe5 dxe5 15. Qe2 c5 16. c4 Bc6 17. Nf1 Nxc4 18. Bxc4 bxc4 19. Qxc4 Qc7 20. Ne3 Nb6 21. Qc2 Rfd8 22. b3 f6 23. a4 Qb7 24. Nd2 Bf8 1/2-1/2

[Event "Remote Jubilee Gr.D email"]
[Site "Remote email"]
[Date "2013.09.02"]
[Round "?"]
[White "Camacho, Carlos Eduardo"]
[Black "Schulz, Rainer"]
[Result "0-1"]
[WhiteElo "1975"]
[BlackElo "2288"]
[PlyCount "96"]
[EventDate "2013.??.??"]
[EventType "tourn (corr)"]
[EventRounds "10"]
[EventCountry "GER"]
[SourceTitle "Corr 2015"]
[Source "ChessBase"]
[SourceDate "2015.07.17"]
[SourceVersion "1"]
[SourceVersionDate "2015.07.17"]
[SourceQuality "1"]

1. d4 d5 2. c4 c6 3. Nf3 Nf6 4. Nc3 dxc4 5. a4 Bf5 6. Bg5 Nbd7 7. e3 Qb6 8. Qc1 Qa6 9. Nd2 Bd3 10. Bxd3 cxd3 11. 0-0 e5 12. Qb1 Nd5 13. Nxd5 cxd5 14. dxe5 Bb4 15. Nf3 Rc8 16. Rd1 Nc5 17. Qa2 Qc4 18. Nd4 Qxa2 19. Rxa2 h6 20. Bf4 g5 21. Bg3 d2 22. b3 Nd3 23. Kf1 Rc1 24. Ke2 Rxd1 25. Kxd1 Kd7 26. Rxd2 Bxd2 27. Kxd2 Nc5 28. Kc3 Rc8 29. Nf5 a5 30. Nd6 Ne4+ 31. Kd4 Nxd6 32. exd6 Rc1 33. Kxd5 Rc3 34. Be5 Rxb3 35. Bd4 Rb4 36. Bg7 Rxa4 37. Bxh6 Ra2 38. Bxg5 Rxf2 39. Bf4 a4 40. Kc4 Rb2 41. Be5 a3 42. e4 b5+ 43. Kc5 b4 44. Kb5 Re2 45. Ka4 Rxe4 46. Bg7 Kxd6 47. Kb3 Kc5 48. Bf8+ Kb5 0-1

[Event "Remote Jubilee Gr.D email"]
[Site "Remote email"]
[Date "2013.09.02"]
[Round "?"]
[White "Schulz, Rainer"]
[Black "Santos, Pedro Miguel da Ros"]
[Result "1-0"]
[WhiteElo "2316"]
[BlackElo "1725"]
[PlyCount "71"]
[EventDate "2013.??.??"]
[EventType "tourn (corr)"]
[EventRounds "10"]
[EventCountry "GER"]
[SourceTitle "Corr 2015"]
[Source "ChessBase"]
[SourceDate "2015.07.17"]
[SourceVersion "1"]
[SourceVersionDate "2015.07.17"]
[SourceQuality "1"]

1. d4 d5 2. c4 e6 3. Nc3 Nf6 4. Nf3 Bd7 5. cxd5 exd5 6. Qb3 Bc6 7. Bg5 Be7 8. e3 0-0 9. Bb5 a6 10. Bxc6 bxc6 11. Bxf6 Bxf6 12. Qb7 Nd7 13. Qxc6 Nb6 14. Rc1 Rb8 15. 0-0 Re8 16. Ne2 Rc8 17. Nf4 a5 18. Rc5 Be7 19. Rxa5 Bf6 20. Nxd5 Nxd5 21. Rxd5 Qe7 22. Rc1 Qf8 23. Rd7 Re6 24. Qc4 c6 25. d5 Re7 26. Rxe7 Qxe7 27. Nd4 Bxd4 28. exd4 c5 29. dxc5 Qf6 30. b4 h6 31. d6 Qd8 32. b5 Kf8 33. b6 Rc6 34. b7 g6 35. Re1 h5 36. Re7 1-0

[Event "Remote Master email"]
[Site "Remote email"]
[Date "2013.02.10"]
[Round "?"]
[White "Scheiba, Manfred"]
[Black "Schulz, Rainer"]
[Result "1/2-1/2"]
[WhiteElo "2546"]
[BlackElo "2325"]
[PlyCount "131"]
[EventDate "2013.??.??"]
[EventType "swiss (corr)"]
[EventRounds "6"]
[EventCountry "GER"]
[SourceTitle "Corr 2015"]
[Source "ChessBase"]
[SourceDate "2015.07.17"]
[SourceVersion "1"]
[SourceVersionDate "2015.07.17"]
[SourceQuality "1"]

1. d4 d5 2. c4 c6 3. Nf3 g6 4. e3 Nf6 5. Nc3 Bg7 6. Be2 0-0 7. 0-0 Be6 8. b3 Ne4 9. Bb2 Nd7 10. Rc1 Nxc3 11. Bxc3 Nf6 12. Bb2 Qb6 13. Ne5 Rad8 14. Bd3 dxc4 15. Nxc4 Bxc4 16. Rxc4 Rd7 17. Be2 e6 18. Qb1 Rfd8 19. g3 Nd5 20. Rd1 a6 21. Bf3 Qc7 22. Bg2 h5 23. Rcc1 Bf6 24. h4 a5 25. a3 Bg7 26. Qc2 Bh6 27. Rd3 Bg7 28. Qc5 Ne7 29. Rdd1 e5 30. d5 Qd6 31. Qxa5 cxd5 32. Bh3 f5 33. Qc5 Qf6 34. a4 d4 35. exd4 e4 36. Bc3 Rd5 37. Qb4 R8d7 38. Ba1 g5 39. hxg5 Qxg5 40. Bf1 h4 41. Qd2 Qxd2 42. Rxd2 Bh6 43. Rdd1 Bxc1 44. Rxc1 hxg3 45. fxg3 Kh7 46. Bb5 Rxb5 47. axb5 Nd5 48. Bb2 Kg6 49. Rc5 f4 50. gxf4 e3 51. Bc1 Kf5 52. Bxe3 b6 53. Rc6 Nxe3 54. Rxb6 Rxd4 55. Kf2 Nd5 56. Rb8 Rd3 57. b4 Rd4 58. Rf8+ Nf6 59. Ke3 Rxb4 60. Rf7 Ke6 61. Rb7 Nd5+ 62. Kd2 Rxf4 63. Kc2 Kd6 64. Kb2 Kc5 65. Kc2 Kc4 66. Kd2 1/2-1/2

[Event "Remote Master email"]
[Site "Remote email"]
[Date "2013.02.10"]
[Round "?"]
[White "Stummerer, Alfred"]
[Black "Schulz, Rainer"]
[Result "1/2-1/2"]
[WhiteElo "2187"]
[BlackElo "2000"]
[PlyCount "57"]
[EventDate "2013.??.??"]
[EventType "swiss (corr)"]
[EventRounds "6"]
[EventCountry "GER"]
[SourceTitle "Corr 2015"]
[Source "ChessBase"]
[SourceDate "2015.07.17"]
[SourceVersion "1"]
[SourceVersionDate "2015.07.17"]
[SourceQuality "1"]

1. e4 c5 2. Nf3 Nc6 3. Bb5 g6 4. Bxc6 bxc6 5. 0-0 Bg7 6. c4 d6 7. h3 Nf6 8. Nc3 0-0 9. d3 Rb8 10. Rb1 Nh5 11. Ne2 f5 12. exf5 Bxf5 13. Ng3 Nxg3 14. fxg3 h5 15. b3 d5 16. Bf4 Rb7 17. Be5 dxc4 18. Bxg7 Kxg7 19. bxc4 Rxb1 20. Qxb1 Qxd3 21. Qb2+ Kg8 22. Re1 Re8 23. Kh2 Qxc4 24. Re5 Be4 25. Nd2 Qc2 26. Qxc2 Bxc2 27. Rxc5 Bf5 28. Rxc6 Rd8 29. Nf3 1/2-1/2

[Event "Regionalliga NW 0506"]
[Site "Bayern"]
[Date "2006.01.15"]
[Round "5.7"]
[White "Schilling, Frank"]
[Black "Schulz, Rainer"]
[Result "1/2-1/2"]
[WhiteElo "1904"]
[BlackElo "1746"]
[PlyCount "51"]
[EventDate "2005.10.23"]
[EventType "team-tourn"]
[EventRounds "9"]
[EventCountry "GER"]
[SourceTitle "EXT 2007"]
[Source "ChessBase"]
[SourceDate "2006.11.23"]
[SourceVersion "1"]
[SourceVersionDate "2006.11.23"]
[SourceQuality "1"]

1. e4 c5 2. Nf3 Nc6 3. d4 cxd4 4. Nxd4 e6 5. Nc3 a6 6. Be3 Bb4 7. a3 Bxc3+ 8. bxc3 Nf6 9. f3 0-0 10. g4 Qc7 11. g5 Nh5 12. Qd2 Rd8 13. f4 g6 14. f5 e5 15. fxg6 hxg6 16. Ne2 d6 17. Ng3 Bg4 18. Be2 Bxe2 19. Qxe2 Nf4 20. Qf2 Ne7 21. Bxf4 exf4 22. Ne2 d5 23. 0-0 dxe4 24. Nxf4 Nf5 25. Nh5 e3 26. Qf3 1/2-1/2

[Event "BL2-Nord 9899"]
[Site "Germany"]
[Date "1999.03.07"]
[Round "7.5"]
[White "Schulz, Rainer"]
[Black "Kleeschaetzky, Ralf"]
[Result "0-1"]
[WhiteElo "2290"]
[BlackElo "2225"]
[PlyCount "146"]
[EventDate "1998.10.18"]
[EventType "team-tourn"]
[EventRounds "9"]
[EventCountry "GER"]
[SourceTitle "GER-chT2"]
[Source "ChessBase"]
[SourceDate "1999.07.01"]
[SourceVersion "1"]
[SourceVersionDate "1999.07.01"]
[SourceQuality "1"]
[WhiteTeam "Lichtenrade"]
[BlackTeam "Berlin Empor"]
[WhiteTeamCountry "GER"]
[BlackTeamCountry "GER"]

1. d4 Nf6 2. c4 c5 3. d5 e6 4. Nc3 exd5 5. cxd5 d6 6. e4 g6 7. Nf3 Bg7 8. Be2 0-0 9. 0-0 Bg4 10. Bf4 a6 11. a4 Re8 12. h3 Bxf3 13. Bxf3 Qc7 14. Rc1 Nbd7 15. b4 b6 16. Re1 Rab8 17. Qe2 c4 18. Qa2 Ne5 19. Be2 Nfd7 20. Be3 Rbc8 21. Qd2 Nf6 22. f4 Ned7 23. Bf3 Qb7 24. Bd4 Qb8 25. g4 h6 26. h4 a5 27. bxa5 Nc5 28. Bxc5 Rxc5 29. axb6 Qxb6 30. Kg2 Qa5 31. e5 dxe5 32. fxe5 Nd7 33. e6 fxe6 34. dxe6 Ne5 35. Rxe5 Rxe5 36. Qd7 Qd8 37. Qf7+ Kh8 38. Rd1 Qe7 39. Rd7 Qxf7 40. exf7 Rb8 41. Rc7 Rb2+ 42. Ne2 Bf8 43. Rxc4 Rbxe2+ 44. Bxe2 Rxe2+ 45. Kf3 Ra2 46. Ke4 Kg7 47. Ke5 Kxf7 48. Rf4+ Ke7 49. Kd5 Bg7 50. Kc6 Bc3 51. Re4+ Kf6 52. Rc4 Bd2 53. Rd4 Rc2+ 54. Kd5 Rb2 55. Rc4 Rb6 56. Rd4 Bb4 57. Rf4+ Kg7 58. Rc4 Be7 59. Rc7 Kf8 60. Rc8+ Kf7 61. h5 gxh5 62. gxh5 Ra6 63. Ke4 Rxa4+ 64. Kf3 Rh4 65. Rc6 Rxh5 66. Kg2 Bf6 67. Ra6 Rb5 68. Kh3 Kg6 69. Ra3 Be5 70. Re3 Bf4 71. Rc3 Kf5 72. Rc2 Rb3+ 73. Kh4 Bg5+ 0-1

[Event "BL2-Nord 9899"]
[Site "Germany"]
[Date "1999.02.21"]
[Round "6.6"]
[White "Schulz, Rainer"]
[Black "Knuth, Hannes"]
[Result "1-0"]
[WhiteElo "2290"]
[BlackElo "2275"]
[PlyCount "105"]
[EventDate "1998.10.18"]
[EventType "team-tourn"]
[EventRounds "9"]
[EventCountry "GER"]
[SourceTitle "GER-chT2"]
[Source "ChessBase"]
[SourceDate "1999.07.01"]
[SourceVersion "1"]
[SourceVersionDate "1999.07.01"]
[SourceQuality "1"]
[WhiteTeam "Lichtenrade"]
[BlackTeam "Neukloster"]
[WhiteTeamCountry "GER"]
[BlackTeamCountry "GER"]

1. d4 Nf6 2. Nf3 g6 3. c4 Bg7 4. Nc3 0-0 5. Bg5 c5 6. d5 d6 7. e3 a6 8. Bd3 h6 9. Bh4 e6 10. dxe6 Bxe6 11. 0-0 Qc7 12. Rc1 Nc6 13. b3 Qa5 14. Bb1 Rac8 15. Qd2 b5 16. cxb5 axb5 17. Rfd1 Nb4 18. Bxf6 Bxf6 19. Ne4 Be7 20. Qc3 d5 21. Nf6+ Bxf6 22. Qxf6 Qd8 23. Qf4 Kh7 24. h4 Qc7 25. Qf6 Qd8 26. Qf4 Qc7 27. Qf6 Qd8 28. Bxg6+ Kg8 29. Qe5 Bg4 30. Bh5 Bxh5 31. Qxh5 Qf6 32. Ne5 Rfd8 33. Ng4 Qg6 34. Nxh6+ Kg7 35. Nf5+ Kf6 36. Ng3 Qxh5 37. Nxh5+ Ke5 38. a3 Na6 39. Nf4 c4 40. bxc4 dxc4 41. Ne2 Nc5 42. Nc3 Nd3 43. Rb1 b4 44. axb4 Ra8 45. Ra1 Nxb4 46. Rxa8 Rxa8 47. Rd4 Ra1+ 48. Kh2 Rc1 49. Rxc4 Nd3 50. Re4+ Kf5 51. g4+ Kg6 52. Ne2 Nxf2 53. Rf4 1-0

[Event "BL2-Nord 9899"]
[Site "Germany"]
[Date "1999.01.10"]
[Round "4.5"]
[White "Cladouras, Panagiotis"]
[Black "Schulz, Rainer"]
[Result "1-0"]
[WhiteElo "2360"]
[BlackElo "2290"]
[PlyCount "99"]
[EventDate "1998.10.18"]
[EventType "team-tourn"]
[EventRounds "9"]
[EventCountry "GER"]
[SourceTitle "GER-chT2"]
[Source "ChessBase"]
[SourceDate "1999.07.01"]
[SourceVersion "1"]
[SourceVersionDate "1999.07.01"]
[SourceQuality "1"]
[WhiteTeam "Luebeck"]
[BlackTeam "Lichtenrade"]
[WhiteTeamCountry "GER"]
[BlackTeamCountry "GER"]

1. e4 c6 2. d4 d5 3. e5 Bf5 4. Nc3 Qb6 5. Nf3 e6 6. Be2 Ne7 7. 0-0 Nd7 8. b3 Bg4 9. Na4 Qc7 10. Ba3 Nf5 11. Bxf8 Nxf8 12. h3 Bxf3 13. Bxf3 Nd7 14. Bg4 g6 15. Qd2 0-0-0 16. b4 h5 17. Be2 g5 18. Nc5 Nxc5 19. bxc5 f6 20. exf6 g4 21. Qd3 gxh3 22. Qxh3 Rdg8 23. c3 Qf7 24. Bd3 Rg4 25. Bxf5 exf5 26. f3 Rg5 27. Rae1 Qxf6 28. Re5 Rhg8 29. Rf2 Qg6 30. Kf1 Kb8 31. Rfe2 f4 32. Rxg5 Qxg5 33. Qe6 a6 34. Qe5+ Ka7 35. Qxg5 Rxg5 36. Re6 Rf5 37. Kg1 Kb8 38. a4 Kc8 39. Re7 Rf6 40. Kh2 Rf5 41. a5 Kb8 42. Kh3 Kc8 43. Kh4 Rf8 44. Re5 Rg8 45. Rg5 Re8 46. Kxh5 Re2 47. Kg6 Ra2 48. Kf5 Rxa5 49. Kxf4 Ra2 50. Ke5 1-0

[Event "BL2-Nord 9899"]
[Site "Germany"]
[Date "1998.10.18"]
[Round "1.4"]
[White "Schulz, Rainer"]
[Black "Suhl, Dirk"]
[Result "1-0"]
[WhiteElo "2290"]
[BlackElo "2310"]
[PlyCount "53"]
[EventDate "1998.10.18"]
[EventType "team-tourn"]
[EventRounds "9"]
[EventCountry "GER"]
[SourceTitle "GER-chT2"]
[Source "ChessBase"]
[SourceDate "1999.07.01"]
[SourceVersion "1"]
[SourceVersionDate "1999.07.01"]
[SourceQuality "1"]
[WhiteTeam "Lichtenrade"]
[BlackTeam "Kreuzberg"]
[WhiteTeamCountry "GER"]
[BlackTeamCountry "GER"]

1. Nf3 Nf6 2. c4 g6 3. Nc3 Bg7 4. g3 0-0 5. Bg2 Nc6 6. 0-0 d5 7. cxd5 Nxd5 8. Nxd5 Qxd5 9. d3 Qh5 10. Qc2 Bh3 11. Be3 Bxg2 12. Kxg2 Qd5 13. Kg1 a5 14. Rfc1 a4 15. Bd2 a3 16. Bc3 Nb4 17. Qd2 Nxa2 18. Bxg7 Nxc1 19. Bxf8 Nb3 20. Qh6 Rxf8 21. Ng5 Qxg5 22. Qxg5 Nxa1 23. bxa3 Nc2 24. Qc5 Nxa3 25. Qxa3 b5 26. Qc5 Ra8 27. Qxb5 1-0

[Event "Berliner Sommer 16th"]
[Site "Berlin"]
[Date "1998.??.??"]
[Round "4"]
[White "Rehm, Manfred"]
[Black "Schulz, Rainer"]
[Result "1/2-1/2"]
[WhiteElo "2115"]
[BlackElo "2290"]
[PlyCount "51"]
[EventDate "1998.08.08"]
[EventType "swiss"]
[EventRounds "9"]
[EventCountry "GER"]
[SourceTitle "CBM 066 Extra"]
[Source "ChessBase"]
[SourceDate "1998.11.06"]
[SourceVersion "1"]
[SourceVersionDate "1998.11.06"]
[SourceQuality "1"]

1. e4 Nf6 2. e5 Nd5 3. g3 d6 4. exd6 cxd6 5. Bg2 Nf6 6. d4 g6 7. Ne2 Bg7 8. 0-0 0-0 9. c4 Nc6 10. Nbc3 Bf5 11. Bf4 Qd7 12. Qa4 Nh5 13. Be3 Bh3 14. d5 Bxg2 15. Kxg2 Ne5 16. Qxd7 Nxd7 17. f4 Rac8 18. g4 Nhf6 19. g5 Nh5 20. b3 a6 21. Bd4 Nc5 22. Rad1 h6 23. h4 hxg5 24. hxg5 Nd7 25. Bxg7 Kxg7 26. Rfe1 1/2-1/2

[Event "BL2-Nord 9697"]
[Site "Germany"]
[Date "1997.??.??"]
[Round "?.7"]
[White "Fuhrmann, Dirk"]
[Black "Schulz, Rainer"]
[Result "1-0"]
[WhiteElo "2185"]
[BlackElo "2270"]
[PlyCount "129"]
[EventDate "1996.10.??"]
[EventType "team-tourn"]
[EventRounds "9"]
[EventCountry "GER"]
[SourceTitle "GER-chT2"]
[Source "ChessBase"]
[SourceDate "1999.07.01"]
[SourceVersion "1"]
[SourceVersionDate "1999.07.01"]
[SourceQuality "1"]
[WhiteTeam "Delmenhorst II"]
[BlackTeam "Neukoelln"]
[WhiteTeamCountry "GER"]
[BlackTeamCountry "GER"]

1. d4 Nf6 2. c4 e6 3. Nc3 Bb4 4. Qc2 d5 5. cxd5 exd5 6. Bg5 c6 7. e3 Bg4 8. Bd3 Bh5 9. a3 Be7 10. h3 Bg6 11. Bxg6 hxg6 12. Nf3 Nbd7 13. 0-0 0-0 14. b4 Rc8 15. Rfc1 Re8 16. Rab1 Ne4 17. Nxe4 dxe4 18. Bxe7 Qxe7 19. Nd2 g5 20. a4 g6 21. g3 Kg7 22. Kg2 b6 23. a5 Nf6 24. axb6 axb6 25. Nc4 Nd5 26. Qd2 Rh8 27. Ne5 f6 28. Ng4 Qe6 29. Rh1 Qf5 30. Ra1 Qf3+ 31. Kg1 Ra8 32. Rc1 Ra3 33. b5 Rd3 34. Qa2 Rd1+ 35. Rxd1 Qxd1+ 36. Kg2 Qf3+ 37. Kg1 Rc8 38. Kh2 Qf5 39. bxc6 Rxc6 40. Qa4 Rc7 41. Ra1 Qd7 42. Qa8 Qc6 43. Qd8 Rd7 44. Qe8 Nc7 45. Qc8 Re7 46. Ra7 Qd6 47. Qb8 Qc6 48. Rb7 Nd5 49. Rxe7+ Nxe7 50. Qd8 Nd5 51. Qb8 Qd7 52. Kg2 b5 53. Kh2 b4 54. Kg2 Qe7 55. Kh2 Nc3 56. Kg2 Nd5 57. Kh2 Qd7 58. Kg2 Qe7 59. Kh2 Kh7 60. Qb5 Nc3 61. Qc6 Kg7 62. d5 Kf7 63. d6 Qe6 64. Qc7+ Ke8 65. Nxf6+ 1-0

[Event "Seefeld op 08th"]
[Site "Seefeld"]
[Date "1997.??.??"]
[Round "?"]
[White "Polzin, Rainer"]
[Black "Schulz, Rainer"]
[Result "1/2-1/2"]
[WhiteElo "2445"]
[BlackElo "2280"]
[PlyCount "54"]
[EventDate "1997.09.??"]
[EventType "swiss"]
[EventRounds "9"]
[EventCountry "AUT"]
[SourceTitle "EXT 2000"]
[Source "ChessBase"]
[SourceDate "1999.11.16"]
[SourceVersion "1"]
[SourceVersionDate "1999.11.16"]
[SourceQuality "1"]

1. d4 Nf6 2. Nf3 e6 3. g3 b6 4. Bg2 Bb7 5. 0-0 Be7 6. c4 d5 7. b3 0-0 8. Bb2 Nbd7 9. Nbd2 c5 10. cxd5 Bxd5 11. Rc1 Rc8 12. Re1 cxd4 13. Rxc8 Qxc8 14. Bxd4 Nc5 15. Qa1 Qb7 16. Rc1 Nce4 17. Nc4 Rc8 18. Ne3 Ba3 19. Rxc8+ Qxc8 20. Nxd5 Nxd5 21. Ne5 Qc2 22. Nc4 Bf8 23. Bf3 Ng5 24. Ne3 Nxe3 25. Bxe3 Nxf3+ 26. exf3 h6 27. Bd4 Bc5 1/2-1/2

[Event "Seefeld op 08th"]
[Site "Seefeld"]
[Date "1997.??.??"]
[Round "?"]
[White "Schulz, Rainer"]
[Black "Kratochvil, Lutz"]
[Result "1-0"]
[WhiteElo "2280"]
[BlackElo "2150"]
[PlyCount "65"]
[EventDate "1997.09.??"]
[EventType "swiss"]
[EventRounds "9"]
[EventCountry "AUT"]
[SourceTitle "EXT 2000"]
[Source "ChessBase"]
[SourceDate "1999.11.16"]
[SourceVersion "1"]
[SourceVersionDate "1999.11.16"]
[SourceQuality "1"]

1. d4 Nf6 2. c4 g6 3. Nc3 Bg7 4. Nf3 0-0 5. Bg5 d6 6. e3 b6 7. Be2 c5 8. 0-0 Nbd7 9. h3 Bb7 10. d5 Ne8 11. Qc2 Nc7 12. e4 Qe8 13. Rad1 f6 14. Bf4 g5 15. Bc1 Bc8 16. Nh2 Ne5 17. Ng4 Nxg4 18. Bxg4 Bxg4 19. hxg4 h5 20. Qe2 h4 21. f4 gxf4 22. Bxf4 Qg6 23. Be3 Bh6 24. Bxh6 Qxh6 25. Rf5 Kg7 26. Rdf1 h3 27. g3 Qg6 28. Kh2 Rh8 29. Nd1 e6 30. R5f4 exd5 31. cxd5 Rae8 32. Ne3 Rxe4 33. Rxe4 1-0

[Event "BL2-Nord 9697"]
[Site "Germany"]
[Date "1997.??.??"]
[Round "?.8"]
[White "Schulz, Rainer"]
[Black "Kreuzholz, Michael"]
[Result "1-0"]
[WhiteElo "2270"]
[BlackElo "2260"]
[PlyCount "85"]
[EventDate "1996.10.??"]
[EventType "team-tourn"]
[EventRounds "9"]
[EventCountry "GER"]
[SourceTitle "GER-chT2"]
[Source "ChessBase"]
[SourceDate "1999.07.01"]
[SourceVersion "1"]
[SourceVersionDate "1999.07.01"]
[SourceQuality "1"]
[WhiteTeam "Neukoelln"]
[BlackTeam "Luebeck"]
[WhiteTeamCountry "GER"]
[BlackTeamCountry "GER"]

1. d4 Nf6 2. c4 g6 3. Nc3 Bg7 4. Nf3 0-0 5. Bg5 c5 6. d5 d6 7. e4 e6 8. Be2 exd5 9. cxd5 h6 10. Bh4 g5 11. Bg3 b5 12. Nd2 a6 13. Qc2 Bg4 14. f3 Bh5 15. a4 b4 16. Nd1 Bg6 17. Ne3 Nh5 18. Ndc4 Nf4 19. h4 Qe7 20. Kf1 Nd7 21. hxg5 hxg5 22. Ng4 f5 23. Bxf4 gxf4 24. Nh6+ Bxh6 25. Rxh6 Kg7 26. Rxg6+ Kxg6 27. exf5+ Kg7 28. Qe4 Qh4 29. Nxd6 Nb6 30. f6+ Qxf6 31. Bd3 Rh8 32. Nf5+ Kf7 33. Kf2 Rae8 34. Qxf4 Nxd5 35. Bc4 Re5 36. Nd6+ Ke7 37. Qxf6+ Nxf6 38. Nf7 Rhh5 39. Nxe5 Rxe5 40. Rd1 a5 41. g4 Nd7 42. Kg3 Re3 43. Kf4 1-0

[Event "BL2-Nord 9596"]
[Site "Germany"]
[Date "1996.??.??"]
[Round "?.7"]
[White "Gottuk, Stefan"]
[Black "Schulz, Rainer"]
[Result "1-0"]
[WhiteElo "2285"]
[BlackElo "2265"]
[PlyCount "123"]
[EventDate "1995.10.??"]
[EventType "team-tourn"]
[EventRounds "9"]
[EventCountry "GER"]
[SourceTitle "GER-chT2"]
[Source "ChessBase"]
[SourceDate "1999.07.01"]
[SourceVersion "1"]
[SourceVersionDate "1999.07.01"]
[SourceQuality "1"]
[WhiteTeam "Hamburg Diogenes"]
[BlackTeam "Neukoelln"]
[WhiteTeamCountry "GER"]
[BlackTeamCountry "GER"]

1. e4 e6 2. d3 d5 3. Nd2 Nf6 4. Ngf3 Bc5 5. e5 Nfd7 6. g3 Nc6 7. Nb3 Bb6 8. d4 f6 9. Bh3 Qe7 10. Qe2 0-0 11. Bf4 a5 12. a4 f5 13. Bg2 Qb4+ 14. Qd2 Qxd2+ 15. Kxd2 h6 16. h4 Ne7 17. h5 c5 18. c3 c4 19. Nc1 Bd8 20. Nh4 Nb6 21. Bf3 Bd7 22. Bd1 Be8 23. Ng2 Nc6 24. f3 Be7 25. Bc2 Nd8 26. Ne2 Nf7 27. Ng1 Ng5 28. Ke3 Nf7 29. Nh4 Nh8 30. g4 fxg4 31. fxg4 Bxh4 32. Rxh4 Nf7 33. Rh2 Nc8 34. Nf3 Ne7 35. Rg1 Bc6 36. Nh4 Ng5 37. Bxg5 hxg5 38. Nf3 Rxf3+ 39. Kxf3 Rf8+ 40. Ke3 Be8 41. Rf2 Rxf2 42. Kxf2 Kf8 43. Rb1 Ng8 44. b3 cxb3 45. Bxb3 Nh6 46. Kg3 Bc6 47. c4 dxc4 48. Bxc4 Ke7 49. Bb5 Bd5 50. Rc1 Kd8 51. Be2 Ng8 52. Rf1 Ke8 53. Bb5+ Ke7 54. Bd3 Nh6 55. Rb1 Bc6 56. Bb5 Bd5 57. Be2 Bc6 58. Bf3 Kd7 59. Rc1 Bxf3 60. Kxf3 Ng8 61. Ke4 Ne7 62. Rf1 1-0

[Event "Seefeld op 07th"]
[Site "Seefeld"]
[Date "1996.??.??"]
[Round "?"]
[White "Milov, Leonid"]
[Black "Schulz, Rainer"]
[Result "1-0"]
[WhiteElo "2455"]
[BlackElo "2255"]
[PlyCount "109"]
[EventDate "1996.09.15"]
[EventType "swiss"]
[EventRounds "9"]
[EventCountry "AUT"]
[SourceTitle "EXT 2000"]
[Source "ChessBase"]
[SourceDate "1999.11.16"]
[SourceVersion "1"]
[SourceVersionDate "1999.11.16"]
[SourceQuality "1"]

1. e4 c6 2. d4 d5 3. Nd2 dxe4 4. Nxe4 Bf5 5. Ng3 Bg6 6. Bc4 e6 7. N1e2 Bd6 8. h4 h6 9. Nf4 Bxf4 10. Bxf4 Nf6 11. Qe2 b5 12. Bd3 Bxd3 13. Qxd3 Qd5 14. f3 Nbd7 15. Ne4 Nb6 16. b3 Nxe4 17. fxe4 Qh5 18. Qf3 Qxf3 19. gxf3 f6 20. Ke2 Kf7 21. h5 Rac8 22. a4 bxa4 23. c4 c5 24. dxc5 Rxc5 25. Be3 Rc7 26. c5 Nd7 27. Rxa4 Rb8 28. Rha1 Nxc5 29. Rxa7 Nb7 30. R1a4 Rbc8 31. Rc4 Rxc4 32. bxc4 Rxc4 33. Rxb7+ Kg8 34. Kd3 Ra4 35. f4 Ra3+ 36. Ke2 Ra5 37. Re7 Rxh5 38. Rxe6 Kf7 39. Ra6 Rb5 40. Ra7+ Kg6 41. f5+ Kh7 42. Bd4 Kg8 43. Kd3 Rb3+ 44. Bc3 Rb1 45. Ra8+ Kh7 46. Ra7 Kg8 47. e5 fxe5 48. Bxe5 Rg1 49. Ke4 Rg5 50. Kf4 Kf8 51. Bd4 Kg8 52. Rb7 Kf8 53. Ke5 Kg8 54. Ke6 h5 55. Bxg7 1-0

[Event "Leiner op"]
[Site "Leiner"]
[Date "1996.??.??"]
[Round "5"]
[White "Pfaffel, Thomas"]
[Black "Schulz, Rainer"]
[Result "0-1"]
[WhiteElo "2085"]
[BlackElo "2255"]
[PlyCount "96"]
[EventDate "1996.??.??"]
[EventType "swiss"]
[EventRounds "9"]
[EventCountry "AUT"]
[SourceTitle "EXT 1998"]
[Source "ChessBase"]
[SourceDate "1997.11.17"]
[SourceVersion "1"]
[SourceVersionDate "1997.11.17"]
[SourceQuality "1"]

1. e4 e6 2. d4 d5 3. Nd2 Nf6 4. e5 Nfd7 5. f4 c5 6. c3 Nc6 7. Ndf3 Qb6 8. h4 cxd4 9. cxd4 Bb4+ 10. Kf2 f6 11. Be3 Be7 12. Rb1 0-0 13. a3 a5 14. Bd3 f5 15. Nh3 Re8 16. g4 Nf8 17. gxf5 exf5 18. Qc2 a4 19. Bxf5 Na5 20. Nhg5 g6 21. Bd3 Bd7 22. h5 Rac8 23. Qe2 Nc4 24. hxg6 hxg6 25. Rh4 Qb3 26. Nd2 Nxd2 27. Bxd2 Rc2 28. Bxc2 Qxc2 29. Qd1 Qf5 30. Kg2 Ne6 31. Qh1 Bxg5 32. fxg5 Bb5 33. Rc1 Nxg5 34. Rh8+ Kf7 35. Rc7+ Bd7 36. Rh7+ Ke6 37. Bxg5 Qxg5+ 38. Kf2 Rf8+ 39. Ke1 Qe3+ 40. Kd1 Qd3+ 41. Ke1 Qb1+ 42. Kd2 Qxb2+ 43. Ke1 Qa1+ 44. Kd2 Qxd4+ 45. Kc1 Qe3+ 46. Kd1 Qd3+ 47. Ke1 Qb1+ 48. Kd2 Rf2+ 0-1